000 00327 a2200157 4500
001 192784
020 _a978-85-8392-114-1
040 _cMagnum
100 _aMuniz, Flávia
240 1 0 _aUm dia de folga
_lpor
245 1 0 _aUm dia de folga
300 _a13
362 0 _a2017
697 _aLITERATURA INFANTO
942 _cBK
999 _c192784
_d192784